[Event "DVM U16 2023"]
[Site "Magdeburg GER"]
[Date "2023.12.27"]
[Round "1"]
[White "Tomasjan, Samuel"]
[Black "Aravindan, Midhulan"]
[Result "1-0"]
[Termination "normal"]
[Board "2.3"]
[WhiteElo "1955"]
[BlackElo "1704"]
[WhiteClock "00:30:36"]
[BlackClock "00:29:40"]
[WhiteTeam "SF Brackel 1930"]
[BlackTeam "SG Porz"]
[PlyCount "105"]
[WhiteFideId "16235584"]
[BlackFideId "16237250"]
[EventCountry "GER"]
[EventRounds "7"]
[EventType "team-swiss"]
[EventDate "2023.12.26"]

1. e4 {[%clk 01:30:58]} {[%emt 00:00:02]} e6 {[%clk 01:30:55]} {[%emt
00:00:06]} 2. d4 {[%clk 01:31:23]} {[%emt 00:00:06]} d5 {[%clk 01:31:21]}
{[%emt 00:00:02]} 3. Nd2 {[%clk 01:31:49]} {[%emt 00:00:05]} Nc6 {[%clk
01:31:46]} {[%emt 00:00:04]} 4. Ngf3 {[%clk 01:32:08]} {[%emt 00:00:11]} Nf6
{[%clk 01:32:11]} {[%emt 00:00:06]} 5. e5 {[%clk 01:32:31]} {[%emt 00:00:07]}
Nd7 {[%clk 01:32:36]} {[%emt 00:00:05]} 6. Nb3 {[%clk 01:32:57]} {[%emt
00:00:04]} Be7 {[%clk 01:32:48]} {[%emt 00:00:19]} 7. c3 {[%clk 01:32:37]}
{[%emt 00:00:49]} f6 {[%clk 01:30:37]} {[%emt 00:02:40]} 8. exf6 {[%clk
01:30:43]} {[%emt 00:02:25]} Bxf6 {[%clk 01:30:59]} {[%emt 00:00:08]} 9. Bb5
{[%clk 01:29:58]} {[%emt 00:01:14]} a5 {[%clk 01:30:15]} {[%emt 00:01:15]} 10.
a4 {[%clk 01:29:16]} {[%emt 00:01:11]} O-O {[%clk 01:29:16]} {[%emt 00:01:29]}
11. Bf4 {[%clk 01:28:24]} {[%emt 00:01:23]} Re8 {[%clk 01:20:50]} {[%emt
00:08:56]} 12. O-O {[%clk 01:24:31]} {[%emt 00:04:22]} e5 {[%clk 01:12:56]}
{[%emt 00:08:25]} 13. dxe5 {[%clk 01:21:14]} {[%emt 00:03:47]} Ndxe5 {[%clk
01:13:12]} {[%emt 00:00:13]} 14. h3 {[%clk 01:19:49]} {[%emt 00:01:56]} Qd6
{[%clk 01:02:38]} {[%emt 00:11:03]} 15. Re1 {[%clk 01:05:07]} {[%emt 00:15:11]}
Bd7 {[%clk 01:00:26]} {[%emt 00:02:43]} 16. Nxe5 {[%clk 00:57:24]} {[%emt
00:08:13]} Bxe5 {[%clk 00:55:53]} {[%emt 00:05:04]} 17. Bxe5 {[%clk 00:57:11]}
{[%emt 00:00:43]} Nxe5 {[%clk 00:56:00]} {[%emt 00:00:22]} 18. Bxd7 {[%clk
00:55:52]} {[%emt 00:01:49]} Qxd7 {[%clk 00:48:44]} {[%emt 00:07:46]} 19. Qd4
{[%clk 00:51:10]} {[%emt 00:05:12]} Qd6 {[%clk 00:45:21]} {[%emt 00:03:53]} 20.
Rad1 {[%clk 00:49:40]} {[%emt 00:02:01]} c6 {[%clk 00:32:49]} {[%emt 00:13:01]}
21. Re3 {[%clk 00:26:46]} {[%emt 00:23:23]} Nc4 {[%clk 00:19:45]} {[%emt
00:13:34]} 22. Rg3 {[%clk 00:21:37]} {[%emt 00:05:40]} Qh6 {[%clk 00:19:24]}
{[%emt 00:00:51]} 23. Nc5 {[%clk 00:17:24]} {[%emt 00:04:42]} Re7 {[%clk
00:17:45]} {[%emt 00:02:09]} 24. b3 {[%clk 00:15:51]} {[%emt 00:02:03]} Nd6
{[%clk 00:17:45]} {[%emt 00:00:30]} 25. Rf3 {[%clk 00:13:57]} {[%emt 00:02:24]}
Rae8 {[%clk 00:17:17]} {[%emt 00:00:59]} 26. Nd3 {[%clk 00:11:57]} {[%emt
00:02:30]} Ne4 {[%clk 00:12:49]} {[%emt 00:04:58]} 27. c4 {[%clk 00:10:52]}
{[%emt 00:01:35]} Nd2 {[%clk 00:12:51]} {[%emt 00:00:29]} 28. Rg3 {[%clk
00:09:28]} {[%emt 00:01:54]} Nxb3 {[%clk 00:12:56]} {[%emt 00:00:24]} 29. Qc3
{[%clk 00:09:32]} {[%emt 00:00:26]} dxc4 {[%clk 00:12:12]} {[%emt 00:01:15]}
30. Qxc4+ {[%clk 00:09:55]} {[%emt 00:00:07]} Qe6 {[%clk 00:12:35]} {[%emt
00:00:07]} 31. Qc3 {[%clk 00:06:27]} {[%emt 00:03:57]} c5 {[%clk 00:07:05]}
{[%emt 00:06:00]} 32. Nf4 {[%clk 00:05:23]} {[%emt 00:01:34]} Qf7 {[%clk
00:06:32]} {[%emt 00:01:03]} 33. Qxb3 {[%clk 00:05:43]} {[%emt 00:00:10]} c4
{[%clk 00:05:00]} {[%emt 00:02:02]} 34. Qf3 {[%clk 00:06:07]} {[%emt 00:00:06]}
Re1+ {[%clk 00:03:53]} {[%emt 00:01:37]} 35. Rxe1 {[%clk 00:06:26]} {[%emt
00:00:10]} Rxe1+ {[%clk 00:04:21]} {[%emt 00:00:04]} 36. Kh2 {[%clk 00:06:49]}
{[%emt 00:00:07]} Ra1 {[%clk 00:02:53]} {[%emt 00:01:56]} 37. Qc3 {[%clk
00:03:59]} {[%emt 00:03:20]} Rxa4 {[%clk 00:00:53]} {[%emt 00:02:31]} 38. Nh5
{[%clk 00:03:52]} {[%emt 00:00:37]} g6 {[%clk 00:01:11]} {[%emt 00:00:13]} 39.
Nf6+ {[%clk 00:04:12]} {[%emt 00:00:09]} Kf8 {[%clk 00:01:29]} {[%emt
00:00:12]} 40. Ng4 {[%clk 00:03:36]} {[%emt 00:01:06]} Qf4 {[%clk 00:01:01]}
{[%emt 00:00:58]} 41. Qh8+ {[%clk 00:01:27]} {[%emt 00:02:40]} Ke7 {[%clk
00:01:10]} {[%emt 00:00:21]} 42. Qxh7+ {[%clk 00:01:19]} {[%emt 00:00:38]} Kd6
{[%clk 00:01:31]} {[%emt 00:00:08]} 43. Qxb7 {[%clk 00:01:26]} {[%emt
00:00:23]} Kc5 {[%clk 00:01:17]} {[%emt 00:00:44]} 44. Qa7+ {[%clk 00:00:51]}
{[%emt 00:01:05]} Kb5 {[%clk 00:01:29]} {[%emt 00:00:19]} 45. Qd7+ {[%clk
00:00:54]} {[%emt 00:00:26]} Kb4 {[%clk 00:01:25]} {[%emt 00:00:34]} 46. Qc6
{[%clk 00:01:06]} {[%emt 00:00:18]} Ra3 {[%clk 00:00:55]} {[%emt 00:01:00]} 47.
Qb6+ {[%clk 00:00:32]} {[%emt 00:01:03]} Ka4 {[%clk 00:00:57]} {[%emt
00:00:38]} 48. Qc6+ {[%clk 00:30:01]} {[%emt 00:01:01]} Kb4 {[%clk 00:31:21]}
{[%emt 00:00:07]} 49. Nf6 {[%clk 00:29:37]} {[%emt 00:00:54]} Rd3 {[%clk
00:30:42]} {[%emt 00:01:08]} 50. Nd5+ {[%clk 00:29:22]} {[%emt 00:00:45]} Rxd5
{[%clk 00:31:05]} {[%emt 00:00:08]} 51. Qxd5 {[%clk 00:29:49]} {[%emt
00:00:03]} c3 {[%clk 00:29:25]} {[%emt 00:02:10]} 52. Qb7+ {[%clk 00:30:13]}
{[%emt 00:00:06]} Ka3 {[%clk 00:29:40]} {[%emt 00:00:14]} 53. Qc6 {[%clk
00:30:36]} {[%emt 00:00:07]} 1-0

[Event "DVM U16 2023"]
[Site "Magdeburg GER"]
[Date "2023.12.27"]
[Round "1"]
[White "Kliffken, Julian"]
[Black "Kasapchuk, Oleksandr Jr."]
[Result "0-1"]
[Termination "normal"]
[Board "2.4"]
[WhiteElo "1468"]
[BlackElo "1773"]
[WhiteClock "00:25:26"]
[BlackClock "00:19:51"]
[WhiteTeam "SG Porz"]
[BlackTeam "SF Brackel 1930"]
[PlyCount "56"]
[WhiteFideId "16298071"]
[BlackFideId "14197596"]
[EventCountry "GER"]
[EventRounds "7"]
[EventType "team-swiss"]
[EventDate "2023.12.26"]

1. d4 {[%clk 01:30:57]} d5 {[%clk 01:30:56]} {[%emt 00:00:06]} 2. c4 {[%clk
01:31:20]} {[%emt 00:00:05]} c6 {[%clk 01:31:22]} {[%emt 00:00:05]} 3. Nc3
{[%clk 01:31:41]} {[%emt 00:00:09]} Nf6 {[%clk 01:31:47]} {[%emt 00:00:05]} 4.
Nf3 {[%clk 01:31:46]} {[%emt 00:00:25]} e6 {[%clk 01:31:52]} {[%emt 00:00:23]}
5. Bg5 {[%clk 01:31:15]} {[%emt 00:01:02]} h6 {[%clk 01:29:48]} {[%emt
00:02:35]} 6. Bh4 {[%clk 01:31:19]} {[%emt 00:00:25]} dxc4 {[%clk 01:30:12]}
{[%emt 00:00:07]} 7. a4 {[%clk 01:28:23]} {[%emt 00:03:25]} Bb4 {[%clk
01:30:19]} {[%emt 00:00:23]} 8. Rc1 {[%clk 01:25:30]} {[%emt 00:03:23]} Nbd7
{[%clk 01:26:11]} {[%emt 00:04:39]} 9. e4 {[%clk 01:18:44]} {[%emt 00:07:16]}
Qa5 {[%clk 01:21:01]} {[%emt 00:05:39]} 10. Qc2 {[%clk 01:17:29]} {[%emt
00:01:45]} b5 {[%clk 01:19:33]} {[%emt 00:01:59]} 11. Be2 {[%clk 01:16:30]}
{[%emt 00:01:29]} Bb7 {[%clk 01:15:02]} {[%emt 00:05:01]} 12. Nd2 {[%clk
01:11:44]} {[%emt 00:05:16]} a6 {[%clk 01:06:45]} {[%emt 00:08:47]} 13. O-O
{[%clk 01:09:56]} {[%emt 00:02:17]} O-O {[%clk 01:00:13]} {[%emt 00:07:02]} 14.
f4 {[%clk 01:05:14]} {[%emt 00:05:11]} c5 {[%clk 00:55:55]} {[%emt 00:04:49]}
15. Bf2 {[%clk 01:03:00]} {[%emt 00:02:45]} Rad8 {[%clk 00:42:32]} {[%emt
00:13:53]} 16. axb5 {[%clk 00:59:13]} {[%emt 00:04:17]} axb5 {[%clk 00:42:49]}
{[%emt 00:00:13]} 17. e5 {[%clk 00:53:47]} {[%emt 00:05:56]} Nd5 {[%clk
00:38:14]} {[%emt 00:05:05]} 18. Bh4 {[%clk 00:39:32]} {[%emt 00:14:45]} Ne3
{[%clk 00:33:02]} {[%emt 00:05:42]} 19. Bxd8 {[%clk 00:32:08]} {[%emt
00:07:54]} Rxd8 {[%clk 00:33:02]} {[%emt 00:00:30]} 20. Qb1 {[%clk 00:30:28]}
{[%emt 00:02:09]} cxd4 {[%clk 00:28:14]} {[%emt 00:05:18]} 21. Rf2 {[%clk
00:29:16]} {[%emt 00:01:42]} dxc3 {[%clk 00:26:52]} {[%emt 00:01:53]} 22. bxc3
{[%clk 00:29:37]} {[%emt 00:00:08]} Bc5 {[%clk 00:27:01]} {[%emt 00:00:21]} 23.
Kh1 {[%clk 00:26:54]} {[%emt 00:03:13]} Ng4 {[%clk 00:21:13]} {[%emt 00:06:18]}
24. Rff1 {[%clk 00:25:41]} {[%emt 00:01:43]} Nf2+ {[%clk 00:21:33]} {[%emt
00:00:10]} 25. Rxf2 {[%clk 00:25:18]} {[%emt 00:00:54]} Bxf2 {[%clk 00:21:57]}
{[%emt 00:00:06]} 26. Nxc4 {[%clk 00:25:32]} {[%emt 00:00:16]} bxc4 {[%clk
00:19:51]} {[%emt 00:02:36]} 27. Qxb7 {[%clk 00:25:45]} {[%emt 00:00:17]} Qb6
{[%clk 00:20:12]} {[%emt 00:00:07]} 28. Qe4 {[%clk 00:25:26]} {[%emt 00:00:50]}
Qe3 {[%clk 00:19:51]} {[%emt 00:00:51]} 0-1

[Event "DVM U16 2023"]
[Site "Magdeburg GER"]
[Date "2023.12.27"]
[Round "1"]
[White "Gold, Jan Christian"]
[Black "Semling, Johannes"]
[Result "1-0"]
[Termination "normal"]
[Board "3.1"]
[WhiteElo "1932"]
[BlackElo "2147"]
[WhiteClock "00:02:14"]
[BlackClock "00:01:34"]
[WhiteTeam "SK Bad Homburg 1927"]
[BlackTeam "OSG Baden-Baden"]
[PlyCount "69"]
[WhiteFideId "16298128"]
[BlackFideId "16290151"]
[EventCountry "GER"]
[EventRounds "7"]
[EventType "team-swiss"]
[EventDate "2023.12.26"]

1. d4 {[%clk 01:30:33]} {[%emt 00:00:25]} Nf6 {[%clk 01:30:43]} {[%emt
00:00:18]} 2. g3 {[%clk 01:30:30]} {[%emt 00:00:34]} e6 {[%clk 01:30:07]}
{[%emt 00:01:04]} 3. Bg2 {[%clk 01:30:50]} {[%emt 00:00:11]} d5 {[%clk
01:28:37]} {[%emt 00:01:59]} 4. Nf3 {[%clk 01:31:12]} {[%emt 00:00:09]} b5
{[%clk 01:25:53]} {[%emt 00:03:14]} 5. a4 {[%clk 01:29:30]} {[%emt 00:02:12]}
b4 {[%clk 01:25:43]} {[%emt 00:00:40]} 6. c4 {[%clk 01:28:24]} {[%emt
00:01:36]} bxc3 {[%clk 01:23:34]} {[%emt 00:02:38]} 7. Nxc3 {[%clk 01:28:02]}
{[%emt 00:00:53]} Be7 {[%clk 01:21:35]} {[%emt 00:02:29]} 8. O-O {[%clk
01:28:11]} {[%emt 00:00:20]} O-O {[%clk 01:20:58]} {[%emt 00:01:08]} 9. Bf4
{[%clk 01:28:22]} {[%emt 00:00:19]} a6 {[%clk 01:07:53]} {[%emt 00:13:34]} 10.
Ne5 {[%clk 01:24:40]} {[%emt 00:04:12]} Bb7 {[%clk 01:06:16]} {[%emt 00:02:07]}
11. Qb3 {[%clk 01:24:12]} {[%emt 00:00:58]} Ra7 {[%clk 01:05:14]} {[%emt
00:01:29]} 12. a5 {[%clk 01:20:04]} {[%emt 00:04:41]} Nc6 {[%clk 00:53:12]}
{[%emt 00:12:32]} 13. Nxc6 {[%clk 01:16:23]} {[%emt 00:04:11]} Bxc6 {[%clk
00:53:34]} {[%emt 00:00:09]} 14. Rfc1 {[%clk 01:13:46]} {[%emt 00:03:07]} Qd7
{[%clk 00:41:13]} {[%emt 00:12:50]} 15. Qc2 {[%clk 01:06:58]} {[%emt 00:07:18]}
Rc8 {[%clk 00:35:53]} {[%emt 00:05:48]} 16. h3 {[%clk 00:40:55]} {[%emt
00:26:36]} h6 {[%clk 00:27:54]} {[%emt 00:08:29]} 17. g4 {[%clk 00:33:14]}
{[%emt 00:08:10]} Qe8 {[%clk 00:14:13]} {[%emt 00:14:11]} 18. e3 {[%clk
00:22:20]} {[%emt 00:11:25]} Nd7 {[%clk 00:09:45]} {[%emt 00:04:58]} 19. Bf1
{[%clk 00:13:50]} {[%emt 00:09:00]} Bb7 {[%clk 00:06:50]} {[%emt 00:03:24]} 20.
Na4 {[%clk 00:07:36]} {[%emt 00:06:45]} c5 {[%clk 00:03:23]} {[%emt 00:03:57]}
21. dxc5 {[%clk 00:06:05]} {[%emt 00:02:01]} Bxc5 {[%clk 00:02:17]} {[%emt
00:01:36]} 22. Qb3 {[%clk 00:05:27]} {[%emt 00:01:08]} Qd8 {[%clk 00:00:54]}
{[%emt 00:01:51]} 23. Nxc5 {[%clk 00:01:08]} {[%emt 00:04:50]} Nxc5 {[%clk
00:00:40]} {[%emt 00:00:45]} 24. Qb4 {[%clk 00:01:08]} {[%emt 00:00:30]} Ne4
{[%clk 00:00:33]} {[%emt 00:00:37]} 25. Qb6 {[%clk 00:00:58]} {[%emt 00:00:40]}
Qxb6 {[%clk 00:00:38]} {[%emt 00:00:25]} 26. Rxc8+ {[%clk 00:01:22]} {[%emt
00:00:06]} Bxc8 {[%clk 00:01:02]} {[%emt 00:00:06]} 27. axb6 {[%clk 00:01:47]}
{[%emt 00:00:05]} Ra8 {[%clk 00:00:33]} {[%emt 00:00:59]} 28. Rc1 {[%clk
00:01:46]} {[%emt 00:00:30]} f6 {[%clk 00:00:52]} {[%emt 00:00:11]} 29. Rxc8+
{[%clk 00:01:39]} {[%emt 00:00:38]} Rxc8 {[%clk 00:00:36]} {[%emt 00:04:26]}
30. b7 {[%clk 00:02:04]} {[%emt 00:00:05]} Rf8 {[%clk 00:00:34]} {[%emt
00:00:31]} 31. b8=Q {[%clk 00:02:32]} {[%emt 00:00:03]} Rxb8 {[%clk 00:01:00]}
{[%emt 00:00:04]} 32. Bxb8 {[%clk 00:02:53]} {[%emt 00:00:10]} Nc5 {[%clk
00:01:07]} {[%emt 00:00:22]} 33. Ba7 {[%clk 00:02:50]} {[%emt 00:00:33]} Na4
{[%clk 00:01:34]} {[%emt 00:00:03]} 34. Bd4 {[%clk 00:01:52]} {[%emt 00:01:28]}
e5 {[%clk 00:01:34]} {[%emt 00:00:30]} 35. b3 {[%clk 00:02:14]} {[%emt
00:00:09]} 1-0

[Event "DVM U16 2023"]
[Site "Magdeburg GER"]
[Date "2023.12.27"]
[Round "1"]
[White "Semling, Julius"]
[Black "von Beckh, Frieda"]
[Result "1-0"]
[Termination "normal"]
[Board "3.2"]
[WhiteElo "2085"]
[BlackElo "1656"]
[WhiteClock "00:47:00"]
[BlackClock "01:22:15"]
[WhiteTeam "OSG Baden-Baden"]
[BlackTeam "SK Bad Homburg 1927"]
[PlyCount "39"]
[WhiteFideId "16290160"]
[BlackFideId "16233751"]
[EventCountry "GER"]
[EventRounds "7"]
[EventType "team-swiss"]
[EventDate "2023.12.26"]

1. e4 {[%clk 01:30:58]} c5 {[%clk 01:30:55]} {[%emt 00:00:06]} 2. Nf3 {[%emt
00:00:13]} Nc6 {[%clk 01:31:18]} {[%emt 00:00:01]} 3. d4 {[%clk 01:31:36]}
{[%emt 00:00:13]} cxd4 {[%clk 01:31:35]} {[%emt 00:00:13]} 4. Nxd4 {[%clk
01:32:02]} {[%emt 00:00:05]} g6 {[%clk 01:31:51]} {[%emt 00:00:14]} 5. c4
{[%clk 01:32:13]} {[%emt 00:00:19]} Bg7 {[%clk 01:32:10]} {[%emt 00:00:11]} 6.
Be3 {[%clk 01:32:23]} {[%emt 00:00:19]} Nf6 {[%clk 01:32:31]} {[%emt 00:00:09]}
7. Nc3 {[%clk 01:32:46]} {[%emt 00:00:07]} O-O {[%clk 01:32:40]} {[%emt
00:00:21]} 8. Be2 {[%clk 01:33:01]} {[%emt 00:00:15]} d6 {[%clk 01:32:48]}
{[%emt 00:00:22]} 9. O-O {[%clk 01:33:08]} {[%emt 00:00:24]} Bd7 {[%clk
01:33:08]} {[%emt 00:00:09]} 10. h3 {[%clk 01:33:09]} {[%emt 00:00:29]} Nxd4
{[%clk 01:33:15]} {[%emt 00:00:23]} 11. Bxd4 {[%clk 01:33:28]} {[%emt
00:00:11]} Bc6 {[%clk 01:33:17]} {[%emt 00:00:27]} 12. Qc2 {[%clk 01:33:42]}
{[%emt 00:00:17]} Rc8 {[%clk 01:32:01]} {[%emt 00:01:47]} 13. Rfd1 {[%clk
01:27:40]} {[%emt 00:06:31]} Nd7 {[%clk 01:31:17]} {[%emt 00:01:14]} 14. Bxg7
{[%clk 01:27:04]} {[%emt 00:01:06]} Kxg7 {[%clk 01:31:40]} {[%emt 00:00:07]}
15. Bg4 {[%clk 01:23:46]} {[%emt 00:03:47]} Qc7 {[%clk 01:29:53]} {[%emt
00:02:17]} 16. b3 {[%clk 01:09:05]} {[%emt 00:15:12]} e6 {[%clk 01:27:37]}
{[%emt 00:02:45]} 17. Qd2 {[%clk 01:04:38]} {[%emt 00:04:57]} Nc5 {[%clk
01:26:41]} {[%emt 00:01:26]} 18. Bf3 {[%clk 00:57:15]} {[%emt 00:07:53]} Rfd8
{[%clk 01:24:19]} {[%emt 00:02:53]} 19. b4 {[%clk 00:48:39]} {[%emt 00:09:06]}
Na4 {[%clk 01:22:15]} {[%emt 00:02:34]} 20. b5 {[%clk 00:47:00]} {[%emt
00:02:09]} 1-0

[Event "DVM U16 2023"]
[Site "Magdeburg GER"]
[Date "2023.12.27"]
[Round "1"]
[White "Pichl, Christoph"]
[Black "Uhlmann, Tim"]
[Result "0-1"]
[Termination "normal"]
[Board "3.3"]
[WhiteElo "1680"]
[BlackElo "1934"]
[WhiteClock "00:05:53"]
[BlackClock "00:36:31"]
[WhiteTeam "SK Bad Homburg 1927"]
[BlackTeam "OSG Baden-Baden"]
[PlyCount "102"]
[WhiteFideId "16249739"]
[BlackFideId "16239210"]
[EventCountry "GER"]
[EventRounds "7"]
[EventType "team-swiss"]
[EventDate "2023.12.26"]

1. d4 {[%clk 01:30:57]} {[%emt 00:00:02]} d5 {[%clk 01:30:38]} {[%emt
00:00:22]} 2. c4 {[%clk 01:31:22]} {[%emt 00:00:05]} e6 {[%clk 01:29:35]}
{[%emt 00:01:33]} 3. Nf3 {[%clk 01:31:38]} {[%emt 00:00:14]} c5 {[%clk
01:29:50]} {[%emt 00:00:15]} 4. cxd5 {[%clk 01:32:02]} {[%emt 00:00:06]} exd5
{[%clk 01:30:13]} {[%emt 00:00:07]} 5. g3 {[%clk 01:32:10]} {[%emt 00:00:22]}
Nf6 {[%clk 01:29:59]} {[%emt 00:00:44]} 6. Bg2 {[%clk 01:32:34]} {[%emt
00:00:07]} Nc6 {[%clk 01:30:08]} {[%emt 00:00:20]} 7. O-O {[%clk 01:32:14]}
{[%emt 00:00:50]} Be7 {[%clk 01:29:44]} {[%emt 00:00:54]} 8. dxc5 {[%clk
01:29:56]} {[%emt 00:02:49]} Bxc5 {[%clk 01:30:05]} {[%emt 00:00:08]} 9. Bg5
{[%clk 01:25:16]} {[%emt 00:05:11]} d4 {[%clk 01:26:38]} {[%emt 00:03:57]} 10.
Qc2 {[%clk 01:19:25]} {[%emt 00:06:21]} Bb6 {[%clk 01:23:55]} {[%emt 00:03:11]}
11. Rd1 {[%clk 01:15:18]} {[%emt 00:04:38]} O-O {[%clk 01:22:02]} {[%emt
00:02:24]} 12. Nbd2 {[%clk 01:05:38]} {[%emt 00:10:09]} h6 {[%clk 01:20:35]}
{[%emt 00:01:57]} 13. Bxf6 {[%clk 01:04:04]} {[%emt 00:02:04]} Qxf6 {[%clk
01:20:54]} {[%emt 00:00:10]} 14. Nc4 {[%clk 00:56:54]} {[%emt 00:07:41]} Bc7
{[%clk 01:16:47]} {[%emt 00:04:36]} 15. Rac1 {[%clk 00:54:02]} {[%emt
00:03:23]} Bf5 {[%clk 01:09:59]} {[%emt 00:07:16]} 16. Qd2 {[%clk 00:39:36]}
{[%emt 00:14:57]} Rad8 {[%clk 01:06:34]} {[%emt 00:03:55]} 17. Ne1 {[%clk
00:37:14]} {[%emt 00:02:53]} Rfe8 {[%clk 01:04:24]} {[%emt 00:02:39]} 18. Nd3
{[%clk 00:33:10]} {[%emt 00:04:34]} Re6 {[%clk 00:49:55]} {[%emt 00:14:58]} 19.
Nc5 {[%clk 00:25:18]} {[%emt 00:08:23]} Re7 {[%clk 00:46:04]} {[%emt 00:04:21]}
20. Nxb7 {[%clk 00:17:10]} {[%emt 00:08:38]} Rb8 {[%clk 00:38:42]} {[%emt
00:07:51]} 21. Nc5 {[%clk 00:15:09]} {[%emt 00:02:33]} Rbe8 {[%clk 00:35:51]}
{[%emt 00:03:20]} 22. Bf3 {[%clk 00:13:02]} {[%emt 00:02:38]} d3 {[%clk
00:25:45]} {[%emt 00:10:36]} 23. Nxd3 {[%clk 00:06:30]} {[%emt 00:07:02]} Nd4
{[%clk 00:21:41]} {[%emt 00:04:33]} 24. Re1 {[%clk 00:04:35]} {[%emt 00:02:25]}
Bxd3 {[%clk 00:20:38]} {[%emt 00:01:33]} 25. Ne3 {[%clk 00:00:37]} {[%emt
00:04:29]} Nxf3+ {[%clk 00:19:50]} {[%emt 00:01:17]} 26. exf3 {[%clk 00:01:05]}
{[%emt 00:00:02]} Bg6 {[%clk 00:17:11]} {[%emt 00:03:08]} 27. Nd5 {[%clk
00:00:33]} {[%emt 00:01:03]} Rxe1+ {[%clk 00:17:05]} {[%emt 00:00:35]} 28. Rxe1
{[%clk 00:00:57]} {[%emt 00:00:07]} Rxe1+ {[%clk 00:17:09]} {[%emt 00:00:26]}
29. Qxe1 {[%clk 00:01:21]} {[%emt 00:00:07]} Qd8 {[%clk 00:17:09]} {[%emt
00:00:29]} 30. Ne7+ {[%clk 00:00:37]} {[%emt 00:01:14]} Kh7 {[%clk 00:17:05]}
{[%emt 00:00:32]} 31. Nxg6 {[%clk 00:01:01]} {[%emt 00:00:08]} fxg6 {[%clk
00:17:16]} {[%emt 00:00:19]} 32. Qe2 {[%clk 00:00:33]} {[%emt 00:00:58]} Bb6
{[%clk 00:15:54]} {[%emt 00:01:52]} 33. Kg2 {[%clk 00:00:34]} {[%emt 00:00:30]}
Qd5 {[%clk 00:16:13]} {[%emt 00:00:09]} 34. b3 {[%clk 00:00:52]} {[%emt
00:00:13]} Qd4 {[%clk 00:16:36]} {[%emt 00:00:07]} 35. Qc2 {[%clk 00:00:38]}
{[%emt 00:00:45]} Qa1 {[%clk 00:16:46]} {[%emt 00:00:18]} 36. h3 {[%clk
00:00:44]} {[%emt 00:00:25]} Qe1 {[%clk 00:16:49]} {[%emt 00:00:26]} 37. a4
{[%clk 00:00:37]} {[%emt 00:00:38]} Bd4 {[%clk 00:16:00]} {[%emt 00:01:19]} 38.
h4 {[%clk 00:00:36]} {[%emt 00:00:32]} h5 {[%clk 00:15:59]} {[%emt 00:00:30]}
39. g4 {[%clk 00:00:33]} {[%emt 00:00:34]} Qe5 {[%clk 00:16:05]} {[%emt
00:00:23]} 40. gxh5 {[%clk 00:00:33]} {[%emt 00:00:31]} Qxh5 {[%clk 00:13:49]}
{[%emt 00:02:45]} 41. Qe4 {[%clk 00:26:11]} {[%emt 00:04:52]} Bf6 {[%clk
00:43:31]} {[%emt 00:00:47]} 42. Kg3 {[%clk 00:11:58]} {[%emt 00:14:44]} Qe5+
{[%clk 00:38:01]} {[%emt 00:05:59]} 43. Kg4 {[%clk 00:12:16]} {[%emt 00:00:14]}
a5 {[%clk 00:36:15]} {[%emt 00:02:15]} 44. Qxe5 {[%clk 00:09:26]} {[%emt
00:03:21]} Bxe5 {[%clk 00:36:37]} {[%emt 00:00:08]} 45. f4 {[%clk 00:09:48]}
{[%emt 00:00:07]} Bd4 {[%clk 00:36:26]} {[%emt 00:00:41]} 46. f3 {[%clk
00:05:54]} {[%emt 00:04:25]} Kh6 {[%clk 00:36:33]} {[%emt 00:00:22]} 47. f5
{[%clk 00:06:14]} {[%emt 00:00:10]} gxf5+ {[%clk 00:36:54]} {[%emt 00:00:09]}
48. Kxf5 {[%clk 00:06:40]} {[%emt 00:00:04]} Kh5 {[%clk 00:37:09]} {[%emt
00:00:14]} 49. f4 {[%clk 00:05:50]} {[%emt 00:01:21]} Kxh4 {[%clk 00:36:17]}
{[%emt 00:01:22]} 50. Kg6 {[%clk 00:05:27]} {[%emt 00:00:52]} Kg4 {[%clk
00:36:35]} {[%emt 00:00:12]} 51. f5 {[%clk 00:05:53]} {[%emt 00:00:05]} Kf4
{[%clk 00:36:31]} {[%emt 00:00:33]} 0-1

[Event "DVM U16 2023"]
[Site "Magdeburg GER"]
[Date "2023.12.27"]
[Round "1"]
[White "Uhlmann, Jonas"]
[Black "Rotärmel, Leonie"]
[Result "1/2-1/2"]
[Termination "normal"]
[Board "3.4"]
[WhiteElo "1612"]
[BlackElo "1512"]
[WhiteTeam "OSG Baden-Baden"]
[BlackTeam "SK Bad Homburg 1927"]
[PlyCount "91"]
[WhiteFideId "16258576"]
[BlackFideId "16281390"]
[EventCountry "GER"]
[EventRounds "7"]
[EventType "team-swiss"]
[EventDate "2023.12.26"]

1. e4 e6 2. d4 d5 3. exd5 exd5 4. c4 Nf6 5. Nc3 Nc6 6. Nf3 Be7 7. Bd3 Bg4 8.
Be3 O-O 9. h3 Bxf3 10. gxf3 Nb4 11. Be2 dxc4 12. Bxc4 Nbd5 13. Qb3 Bb4 14.
O-O-O Bxc3 15. bxc3 Qd7 16. Rhg1 Kh8 17. Bg5 c6 18. Qc2 h6 19. Bd2 Rad8 20. Bb3
Qd6 21. Kb1 a6 22. Qc1 Nh7 23. c4 Ne7 24. c5 Qf6 25. Bc3 Nd5 26. Bxd5 cxd5 27.
Qe3 Rfe8 28. Qd3 Ng5 29. Rg3 Ne6 30. Ba5 Rd7 31. Bb6 Nc7 32. Rdg1 Rg8 33. Ba5
Nb5 34. Rd1 Re8 35. a4 Nc7 36. Bd2 b6 37. Bc3 b5 38. a5 Rde7 39. Bd2 Ne6 40.
Be3 Rc8 41. Qb3 Rd7 42. Qd3 Re7 43. Qb3 Rd7 44. Qa3 Qf5+ 45. Qd3 Qf6 46. Qb3
1/2-1/2